000 01841cam a22004454i 4500
003 PE-LiUPU
005 20250731165416.0
008 151202s200. pe a grm 000 0 spa d
035 _a(Sirsi) a155378
040 _aPE-LiUPU
_bspa
_cPE-LiUPU
_erda
099 _aSP 3
_bO74 2007
100 1 _aOrtiz León, Fritz Alexander
_eautor
245 1 _aEfectividad del programa "ODONTOBEBE, UN PERÚ SIN CARIES" en el cuidado de la salud bucal durante la primera infancia, dirigido a madres primíparas de niños menores de seis meses, del Hospital Aurelio Díaz Ufano Y Peral, Lima - Perú /
_cFritz Alexander Ortiz León.
264 0 _c2007.
300 _a116 hojas :
_bilustraciones;
_c31 cm
336 _atext
_2rdacontent
337 _aunmediated
_2rdamedia
338 _avolume
_2rdacarrier
502 _aTesis
_b(Mg.) --
_cUniversidad Peruana Unión,
_d2007.
504 _aIncluye referencias
520 3 _aLa presente investigación tuvo por objetivo determinar la efectividad del programa educativo preventivo "Odontobebe, un Perú sin caries", en las madres primíparas de niños menores de seis meses, que se atendieron en el Modulo de Salud Integral del Niño, del Hospital Aurelio Díaz Ufano y Peral del Seguro Social ESSALUD, ubicado en el distrito de San Juan de Lurigancho, Lima, Perú.
526 _aSEG44
526 _aSEG26
526 _aP151
526 _aP150
526 _aP149
526 _aP146
526 _aP145
526 _aP126
526 _aP125
526 _aP92
526 _aP75
526 _aP74
526 _aP27
526 _aP15
650 0 4 _aNiños
_xCuidados e higiene.
596 _a1
942 _2ddc
_cTESIS
999 _aSP 3 O74 2007
_wALPHANUM
_c8061
_iT01023
_lCCODEBUL3
_mBUL
_r1
_sY
_tTESIS
_u2015-12-2
_xPOSGRADO
_PP82
_o.STAFF. Tesis
_d8061
980 _81
_gALBERTO SANCHEZ Responsable de Automatización